000 00186 a2200097 4500
020 _a9780545164382
041 _aeng
100 _aLynn Maslen Kertell
245 _aThe Mix up
942 _cK
999 _c27832
_d27832